000 00552cam a22002172a 4500
001 009725
003 AR-FADEU
008 311216n1985####xxu####################dd
020 _a950-582-130-1
092 _a155.7
_bP164
_eBLYNK
100 _aPalladino, Enrique
245 _aPsicología evolutiva : guía de estudio
260 _aBuenos Aires
260 _bHumanitas
260 _c1985
300 _a120 p
440 _aFormación docente
_n9
500 _aIncluye bibliografía
650 _aPSICOLOGIA EVOLUTIVA/BLYNK/
942 _cBLYNK
999 _c15521
_d15521